50 tahun pendakian ke puncak emas / (Record no. 4163)
[ view plain ]
| 000 -LEADER | |
|---|---|
| fixed length control field | nam a22 a 4500 |
| 003 - CONTROL NUMBER IDENTIFIER | |
| control field | AKMAL |
| 005 - DATE AND TIME OF LATEST TRANSACTION | |
| control field | 20170525124639.0 |
| 008 - FIXED-LENGTH DATA ELEMENTS--GENERAL INFORMATION | |
| fixed length control field | 170525s2006 my ao e | f000 0 may d |
| 020 ## - INTERNATIONAL STANDARD BOOK NUMBER | |
| International Standard Book Number | 9835404925 : |
| Terms of availability | RM80.00 |
| 020 ## - INTERNATIONAL STANDARD BOOK NUMBER | |
| International Standard Book Number | 9789835404924 |
| 082 04 - DEWEY DECIMAL CLASSIFICATION NUMBER | |
| Classification number | 959.5 NOR |
| Edition number | 22 |
| 090 00 - LOCALLY ASSIGNED LC-TYPE CALL NUMBER (OCLC); LOCAL CALL NUMBER (RLIN) | |
| Classification number (OCLC) (R) ; Classification number, CALL (RLIN) (NR) | 959.5 |
| Local cutter number (OCLC) ; Book number/undivided call number, CALL (RLIN) | NOR |
| 245 00 - TITLE STATEMENT | |
| Title | 50 tahun pendakian ke puncak emas / |
| Statement of responsibility, etc. | [penyelidik/penulis Abdul Halim bin Ahmad Tajuddin ... [et al.] ; penyunting Norhazuren Halid] |
| 246 3# - VARYING FORM OF TITLE | |
| Title proper/short title | Lima puluh tahun pendakian ke puncak emas |
| 260 ## - PUBLICATION, DISTRIBUTION, ETC. | |
| Place of publication, distribution, etc. | Kuala Lumpur : |
| Name of publisher, distributor, etc. | Jabatan Penerangan Malaysia, |
| Date of publication, distribution, etc. | 2007 |
| 300 ## - PHYSICAL DESCRIPTION | |
| Extent | 276ms. : |
| Other physical details | il. wrn. ; |
| Dimensions | 32cm. |
| 504 ## - BIBLIOGRAPHY, ETC. NOTE | |
| Bibliography, etc. note | Bibliografi: ms. 274 |
| 651 #0 - SUBJECT ADDED ENTRY--GEOGRAPHIC NAME | |
| Geographic name | Malaysia |
| General subdivision | History |
| -- | Autonomy and independence movements |
| 9 (RLIN) | 8172 |
| 651 #0 - SUBJECT ADDED ENTRY--GEOGRAPHIC NAME | |
| Geographic name | Malaysia |
| General subdivision | Economic conditions |
| 9 (RLIN) | 63 |
| 651 #0 - SUBJECT ADDED ENTRY--GEOGRAPHIC NAME | |
| Geographic name | Malaysia |
| General subdivision | Politics and government |
| 9 (RLIN) | 44 |
| 651 #0 - SUBJECT ADDED ENTRY--GEOGRAPHIC NAME | |
| Geographic name | Malaysia |
| General subdivision | Social conditions |
| 9 (RLIN) | 45 |
| 651 #0 - SUBJECT ADDED ENTRY--GEOGRAPHIC NAME | |
| Geographic name | Malaysia |
| General subdivision | History |
| 9 (RLIN) | 434 |
| 700 0# - ADDED ENTRY--PERSONAL NAME | |
| Personal name | Norhazuren Halid, |
| Dates associated with a name | 1981- |
| 9 (RLIN) | 8173 |
| 700 0# - ADDED ENTRY--PERSONAL NAME | |
| Personal name | Abdul Halim Ahmad Tajuddin, |
| Dates associated with a name | 1960- |
| 9 (RLIN) | 8174 |
| 710 1# - ADDED ENTRY--CORPORATE NAME | |
| Corporate name or jurisdiction name as entry element | Malaysia. |
| Subordinate unit | Jabatan Penerangan |
| 9 (RLIN) | 8167 |
| 942 ## - ADDED ENTRY ELEMENTS (KOHA) | |
| Source of classification or shelving scheme | |
| Koha item type | Book |
| Withdrawn status | Lost status | Source of classification or shelving scheme | Damaged status | Not for loan | Collection code | Home library | Current library | Shelving location | Date acquired | Inventory number | Total Checkouts | Full call number | Barcode | Date last seen | Price effective from | Koha item type |
|---|---|---|---|---|---|---|---|---|---|---|---|---|---|---|---|---|
| NON-FICTION | AKMAL Melaka | AKMAL Melaka | PINJAMAN | 25.05.2017 | 900484 | 959.5 NOR | 201705464 | 25.05.2017 | 25.05.2017 | Book | ||||||
| NON-FICTION | AKMAL Melaka | AKMAL Melaka | PINJAMAN | 25.05.2017 | 900483 | 959.5 NOR | 201705463 | 25.05.2017 | 25.05.2017 | Book |
